Gulliver's Travels / (Record no. 4404)
[ view plain ]
| 000 -LEADER | |
|---|---|
| fixed length control field | 00542nam a2200217 a 4500 |
| 001 - CONTROL NUMBER | |
| JCCL Control Number | 4404 |
| 003 - CONTROL NUMBER IDENTIFIER | |
| JCCL marc code | BD-JhCC |
| 005 - DATE AND TIME OF LATEST TRANSACTION | |
| control field | 20171127094518.0 |
| 008 - FIXED-LENGTH DATA ELEMENTS--GENERAL INFORMATION | |
| fixed length control field | 171127s19651966e |||| || | 000 0 eng d |
| 035 ## - SYSTEM CONTROL NUMBER | |
| system control number | (BD-JhCC)4404 |
| 040 ## - CATALOGING SOURCE | |
| Original cataloging agency | BD-JhCC |
| Modifying agency | BD-JhCC |
| 041 ## - LANGUAGE CODE | |
| Language code of Book | eng |
| 082 ## - DEWEY DECIMAL CLASSIFICATION NUMBER | |
| Classification number | 823.5 |
| Author mark and Year | SWI 1966 |
| 100 ## - MAIN ENTRY--PERSONAL NAME | |
| Personal name | Swift, Jonathan |
| 245 ## - TITLE STATEMENT | |
| Title | Gulliver's Travels / |
| Statement of responsibility, etc | Jonathan Swift, |
| 260 ## - PUBLICATION, DISTRIBUTION, ETC. (IMPRINT) | |
| Place of publication, distribution, etc | London : |
| Name of publisher, distributor, etc | Bancroft & Co. (Publishers), |
| Date of publication, distribution, etc | 1966 |
| 300 ## - PHYSICAL DESCRIPTION | |
| Pagination | 126 p. : |
| Dimensions | 20 cm. |
| 650 ## - SUBJECT ADDED ENTRY--TOPICAL TERM | |
| Topical term or geographic name as entry element | Travelers |
| 942 ## - ADDED ENTRY ELEMENTS (KOHA) | |
| Source of classification or shelving scheme | Dewey Decimal Classification |
| Koha item type | Books |
| Source of classification or shelving scheme | Damaged status | Not for loan | Home library | Current library | Shelving location | Date of accession | Total Checkouts | Full call number | Barcode | Date last seen | Date checked out | Copy number | Koha item type | Source of acquisition | Cost, normal purchase price | Method of acquisition | Currency |
|---|---|---|---|---|---|---|---|---|---|---|---|---|---|---|---|---|---|
| Dewey Decimal Classification | JCC Rouf Library | JCC Rouf Library | General Stacks | 11/27/2017 | 1 | 823.5 SWI 1966 | 5919 | 08/24/2019 | 08/06/2019 | C- 1 | Books | ||||||
| Dewey Decimal Classification | JCC Rouf Library | JCC Rouf Library | General Stacks | 3 | 823.5 SWI 2006 | 19696 | 07/09/2025 | 06/25/2025 | C-2 | Books | With the Compliments Of Shahriar Imtiaz Rahman 27/1483/K | 591.00 | Gift/Donation | BDT |